00247nam a2200097Ia 4500008004100000100002200041245003000063260003000093300000800123650001800131191201s2011 xx 000 0 und d aGUPTA, Arun Kumar 0aPublic Administration M A aN. DelhibVikas Pubc2011 a248 aGeneral Books